00547nam a2200229Ia 450000500170000000800460001702000180006303700100008104000080009104000080009904000080010704100080011504100080012308400080013110000230013924500570016226000230021926000090024236500050025136500080025685600530026420260324124923.0008 260324s9999 xx 000 0 eng d a9781315550930 aEBOOK aCRL beng cCRL 2eng aeng qCRL aDavid Houston Wood 0aTime, Narrative, and Emotion in Early Modern England bTaylor and Francis c2009 a b255 uhttp://www.taylorfrancis.com/books/9781315550930